000 00724nam a2200229 i 4500
001 C2-0275147
003 PPAK
005 20180728004011.0
008 061015s2002 wau |||| ||||| | eng d
020 _a081575289X
040 _aPPAK
_beng
_cPPAK
_erda
082 0 4 _a332.1091724
_223
090 0 0 _a332.1091724
_bFIN
_dLCK
245 0 0 _aFinancial sector governance
264 1 _aWashington :
_bBrooking Institution Press ,
_c2002
300 _ax, 451 pages ;
_c23 cm
336 _2rdacontent
_atext
337 _2rdamedia
_aunmediated
338 _2rdacarrier
_avolume
650 1 0 _aCorporate governance - Developing countries - Congresses. ; Financial institutions - Developing countries - Congresses.
942 _ddc
_cB
999 _c82836
_d82836